UBT Library

The political theory of the Federalist / (Record no. 44438)

000 -LEADER
fixed length control field 00634pam a2200229 a 4500
001 - CONTROL NUMBER
control field 461851
005 - DATE AND TIME OF LATEST TRANSACTION
control field 20180308045650.0
008 - FIXED-LENGTH DATA ELEMENTS--GENERAL INFORMATION
fixed length control field 830810s1984 ilu b 001 0 eng
010 ## - LIBRARY OF CONGRESS CONTROL NUMBER
LC control number 83017858
020 ## - INTERNATIONAL STANDARD BOOK NUMBER
International Standard Book Number 0226212998 :
Terms of availability $22.00 (est.)
040 ## - CATALOGING SOURCE
Original cataloging agency DLC
Transcribing agency DLC
Modifying agency DLC
041 ## - LANGUAGE CODE
Language code of text/sound track or separate title eng
043 ## - GEOGRAPHIC AREA CODE
Geographic area code n-us---
080 ## - UNIVERSAL DECIMAL CLASSIFICATION NUMBER
Universal Decimal Classification number 342.73029
082 00 - DEWEY DECIMAL CLASSIFICATION NUMBER
Classification number 342.73029 EPS
-- 347.30229
Edition number 19
100 1# - Rafti
Rafti 19
101 ## - Shkurtesa
Shkurtesa SHP
245 14 - TITLE STATEMENT
Title The political theory of the Federalist /
Statement of responsibility, etc David F. Epstein.
504 ## - BIBLIOGRAPHY, ETC. NOTE
Bibliography, etc Includes bibliographical references and index.
906 ## - LOCAL DATA ELEMENT F, LDF (RLIN)
a 7
b cbc
c orignew
d 1
e ocip
f 19
g y-gencatlg
942 ## - ADDED ENTRY ELEMENTS (KOHA)
Source of classification or shelving scheme
Item type Books
Holdings
Withdrawn status Lost status Source of classification or shelving scheme Damaged status Not for loan Collection code Permanent location Current location Shelving location Date acquired Total Checkouts Full call number Barcode Date last seen Price effective from Koha item type
          Koleksioni i përgjithshem UBT - Lipjan UBT - Lipjan Koleksioni i përgjithshem 03/08/2018   342.73029 EPS 002-3000912 03/08/2018 03/08/2018 Books
UBT Library © 2015-2024. All rights reserved University Education for Business and Technology